UBT Library

Family medicine : (Record no. 42079)

000 -LEADER
fixed length control field 00639cam a2200217 a 4500
001 - CONTROL NUMBER
control field 3278093
005 - DATE AND TIME OF LATEST TRANSACTION
control field 20180208034218.0
008 - FIXED-LENGTH DATA ELEMENTS--GENERAL INFORMATION
fixed length control field 820707s1983 nyua b 001 0 eng
010 ## - LIBRARY OF CONGRESS CONTROL NUMBER
LC control number 82010506
020 ## - INTERNATIONAL STANDARD BOOK NUMBER
International Standard Book Number 0387907181
040 ## - CATALOGING SOURCE
Original cataloging agency DLC
Transcribing agency DLC
Modifying agency DLC
041 ## - LANGUAGE CODE
Language code of text/sound track or separate title eng
080 ## - UNIVERSAL DECIMAL CLASSIFICATION NUMBER
Universal Decimal Classification number 616 JOH
082 00 - DEWEY DECIMAL CLASSIFICATION NUMBER
Classification number 616 JOH
Edition number 19
100 ## - Rafti
Rafti 3
101 ## - Shkurtesa
Shkurtesa SHM
245 00 - TITLE STATEMENT
Title Family medicine :
Statement of responsibility, etc editor, Robert B. Taylor, associate editors, John L. Buckingham ... [et al.].
504 ## - BIBLIOGRAPHY, ETC. NOTE
Bibliography, etc Includes bibliographical references and index.
906 ## - LOCAL DATA ELEMENT F, LDF (RLIN)
a 7
b cbc
c orignew
d 1
e ocip
f 19
g y-gencatlg
942 ## - ADDED ENTRY ELEMENTS (KOHA)
Source of classification or shelving scheme
Item type Books
Holdings
Withdrawn status Lost status Source of classification or shelving scheme Damaged status Not for loan Collection code Permanent location Current location Shelving location Date acquired Total Checkouts Full call number Barcode Date last seen Price effective from Koha item type
          Koleksioni i përgjithshem UBT - Lipjan UBT - Lipjan Koleksioni i përgjithshem 02/08/2018   616 JOH 002-2999201 02/08/2018 02/08/2018 Books
UBT Library © 2015-2024. All rights reserved University Education for Business and Technology